| 000 | 00592nam a2200181Ia 4500 | ||
|---|---|---|---|
| 003 | GCL | ||
| 005 | 20240530105234.0 | ||
| 008 | 140319s9999 xx 000 0 ara d | ||
| 040 |
_aGCL / _cGCL |
||
| 082 | 0 | 4 |
_a345 _bم إ |
| 100 | 1 | _aمأمون محمد سلامة | |
| 245 | 1 | 0 |
_aالاجراءات الجنائية فى التشريع المصرى / _cمأمون محمد سلامة |
| 260 |
_a[S.N] : _bدار النهضة العربية ، _c1992 |
||
| 300 | _a622 ص | ||
| 650 | 0 | 4 | _aالقانون الجنائى |
| 650 | 0 | 4 | _aالاجراءات الجنائية |
| 942 |
_2ddc _cBK |
||
| 999 |
_c54225 _d54225 |
||